000 00902nam a2200253Ia 4500
003 OSt
005 20220923224217.0
006 a|||||r|||| 00| 0
007 ta
008 220922b |||||||| |||| 00| 0 hin d
024 _a229,023
037 _cTextual
040 _aARTS
_cARTS
_bhin
041 _2hin
_ahin
082 _aO152,3M80x, P4
100 _aराज कुमार राकेश, व्या.
245 0 _aप्रेमचन्द कहानियॉं
246 _aPremachanda kahāniyaॉan
260 _aपंचकूला
_b आधार प्रकाशन
_c2004
300 _a151पृ.
_ccm.
490 _aआधार प्रकाशन: श्रेष्ठ समकालीन साहित्य
942 _hO152,3M80x, P4
_cTEXL
_2CC
999 _c370020
_d370020